00729nam a2200205Ia 450000500170000000800410001702000230005804000190008104100120010008200170011224500980012926000560022730000240028344000960030750400410040365000200044465100220046470000270048685000100051320231107135213.0131103s9999 xx 000 0 und d a195644344cRs. 395 aLoreto College aEnglish a320.954bSAT aRegion, Religion, Caste, Gender and Culture in Contemporary IndiacEdited by T.V Sathyamurthy aNew DelhibOxford University Pressc2000 (3rd imp.) axvi,606p, 21.5 c.m. aSocial Change and Political Discourse in India: Structure of Power, Movements of Resistance aIncludes Editors end notes and index aPolitics, India aCulture, Indian  aSathyamurthy, T.V., ed aLCLIB